<?xml version="1.0" encoding="UTF-8"?>
<record
    xmlns:xsi="http://www.w3.org/2001/XMLSchema-instance"
    xsi:schemaLocation="http://www.loc.gov/MARC21/slim http://www.loc.gov/standards/marcxml/schema/MARC21slim.xsd"
    xmlns="http://www.loc.gov/MARC21/slim">

  <leader>00901nam a2200241Ia 4500</leader>
  <datafield tag="999" ind1=" " ind2=" ">
    <subfield code="c">42469</subfield>
    <subfield code="d">42469</subfield>
  </datafield>
  <controlfield tag="001">9165</controlfield>
  <controlfield tag="003">GE_BSU</controlfield>
  <controlfield tag="005">20240607163355.0</controlfield>
  <controlfield tag="008">181216s2002||||ru |||||||||||||| ||rus||</controlfield>
  <datafield tag="020" ind1=" " ind2=" ">
    <subfield code="a">5942770123</subfield>
  </datafield>
  <datafield tag="040" ind1=" " ind2=" ">
    <subfield code="c">GE_BSU</subfield>
  </datafield>
  <datafield tag="041" ind1=" " ind2=" ">
    <subfield code="a">rus</subfield>
  </datafield>
  <datafield tag="080" ind1=" " ind2=" ">
    <subfield code="a">615.83(035) &#x41F;-56</subfield>
  </datafield>
  <datafield tag="100" ind1=" " ind2=" ">
    <subfield code="a">&#x41F;&#x43E;&#x43D;&#x43E;&#x43C;&#x430;&#x440;&#x435;&#x43D;&#x43A;&#x43E;, &#x413;. &#x41D;.</subfield>
    <subfield code="9">22368</subfield>
  </datafield>
  <datafield tag="245" ind1=" " ind2=" ">
    <subfield code="a">&#x424;&#x438;&#x437;&#x438;&#x447;&#x435;&#x441;&#x43A;&#x438;&#x435; &#x43C;&#x435;&#x442;&#x43E;&#x434;&#x44B; &#x43B;&#x435;&#x447;&#x435;&#x43D;&#x438;&#x44F; :</subfield>
    <subfield code="b">&#x421;&#x43F;&#x440;&#x430;&#x432;&#x43E;&#x447;&#x43D;&#x438;&#x43A; &#x43F;&#x43E; &#x444;&#x438;&#x437;&#x438;&#x43E;&#x442;&#x435;&#x440;&#x430;&#x43F;&#x438;&#x438; &#x434;&#x43B;&#x44F; &#x432;&#x440;&#x430;&#x447;&#x435;&#x439; /</subfield>
    <subfield code="c">&#x413;.&#x41D;. &#x41F;&#x43E;&#x43D;&#x43E;&#x43C;&#x430;&#x440;&#x435;&#x43D;&#x43A;&#x43E;.</subfield>
  </datafield>
  <datafield tag="250" ind1=" " ind2=" ">
    <subfield code="a">&#x418;&#x437;&#x434;-&#x435; 2-&#x435; &#x43F;&#x435;&#x440;&#x435;&#x440;&#x430;&#x431;.</subfield>
  </datafield>
  <datafield tag="264" ind1=" " ind2=" ">
    <subfield code="a">&#x421;&#x430;&#x43D;&#x43A;&#x442;-&#x420;&#x435;&#x442;&#x435;&#x440;&#x431;&#x443;&#x440;&#x433; :</subfield>
    <subfield code="b">?,</subfield>
    <subfield code="c">2002.</subfield>
  </datafield>
  <datafield tag="300" ind1=" " ind2=" ">
    <subfield code="a">299 &#x441;&#x442;&#x440;. ;</subfield>
    <subfield code="c">21 &#x441;&#x43C;.</subfield>
  </datafield>
  <datafield tag="500" ind1=" " ind2=" ">
    <subfield code="a">&#x41F;&#x440;&#x438;&#x43B;&#x43E;&#x436;&#x435;&#x43D;&#x438;&#x435; &#x443;&#x43A;&#x430;&#x437;&#x430;&#x442;&#x435;&#x43B;&#x44C; &#x441;&#x442;&#x440;. : 288-294</subfield>
  </datafield>
  <datafield tag="653" ind1=" " ind2=" ">
    <subfield code="a">&#x421;&#x43F;&#x440;&#x430;&#x432;&#x43E;&#x447;&#x43D;&#x438;&#x43A; &#x43F;&#x43E; &#x444;&#x438;&#x437;&#x438;&#x43E;&#x442;&#x435;&#x440;&#x430;&#x43F;&#x438;&#x438; &#x434;&#x43B;&#x44F; &#x432;&#x440;&#x430;&#x447;&#x435;&#x439;</subfield>
  </datafield>
  <datafield tag="653" ind1=" " ind2=" ">
    <subfield code="a">&#x424;&#x438;&#x437;&#x438;&#x447;&#x435;&#x441;&#x43A;&#x438;&#x435; &#x43C;&#x435;&#x442;&#x43E;&#x434;&#x44B; &#x43B;&#x435;&#x447;&#x435;&#x43D;&#x438;&#x44F;</subfield>
  </datafield>
  <datafield tag="942" ind1=" " ind2=" ">
    <subfield code="c">BK</subfield>
    <subfield code="2">udc</subfield>
  </datafield>
  <datafield tag="952" ind1=" " ind2=" ">
    <subfield code="0">0</subfield>
    <subfield code="1">0</subfield>
    <subfield code="2">udc</subfield>
    <subfield code="4">0</subfield>
    <subfield code="6">61583035_&#x41F;56</subfield>
    <subfield code="7">0</subfield>
    <subfield code="9">52726</subfield>
    <subfield code="a">CPL</subfield>
    <subfield code="b">CPL</subfield>
    <subfield code="c">GEN</subfield>
    <subfield code="d">2018-12-17</subfield>
    <subfield code="o">615.83(035) &#x41F;-56</subfield>
    <subfield code="p">26814</subfield>
    <subfield code="r">2018-12-17</subfield>
    <subfield code="t">26814</subfield>
    <subfield code="w">2018-12-17</subfield>
    <subfield code="y">BK</subfield>
  </datafield>
</record>
